ბათუმის შოთა რუსთაველის სახელმწიფო უნივერსიტეტის ბიბლიოთეკა

The Cambridge of Early Modern English Literature (ბიბ.ჩანაწერი № 45276)

000 -LEADER
fixed length control field 00610nam a2200229Ia 4500
001 - CONTROL NUMBER
control field 12100
003 - CONTROL NUMBER IDENTIFIER
control field GE_BSU
008 - FIXED-LENGTH DATA ELEMENTS--GENERAL INFORMATION
fixed length control field 181216s||||||||xx |||||||||||||| ||und||
020 ## - INTERNATIONAL STANDARD BOOK NUMBER
International Standard Book Number 0521631564
040 ## - CATALOGING SOURCE
Transcribing agency GE_BSU
080 ## - UNIVERSAL DECIMAL CLASSIFICATION NUMBER
Universal Decimal Classification number 821.111-09
245 #4 - TITLE STATEMENT
Title The Cambridge of Early Modern English Literature
245 ## - TITLE STATEMENT
Statement of responsibility, etc. Edited by David Lovenstein and Jahel Mueller
260 ## - PUBLICATION, DISTRIBUTION, ETC.
Place of publication, distribution, etc. Cambridge
260 ## - PUBLICATION, DISTRIBUTION, ETC.
Name of publisher, distributor, etc. Cambridge University Press
260 ## - PUBLICATION, DISTRIBUTION, ETC.
Date of publication, distribution, etc. 2002
300 ## - PHYSICAL DESCRIPTION
Extent 1038p.24cm.
300 ## - PHYSICAL DESCRIPTION
Accompanying material Bibliogr. p.879-964
653 ## - INDEX TERM--UNCONTROLLED
Uncontrolled term The Cambridge of Early Modern English Literature
942 ## - ADDED ENTRY ELEMENTS (KOHA)
Koha item type წიგნი
ეგზემპლარები
Withdrawn status Lost status Damaged status Not for loan Date acquired Barcode Date last seen Price effective from Koha item type
        2018-12-17 35930 2018-12-17 2018-12-17 წიგნი